Word Ladder: Incredible Kid Quiz Stats

 Plays Quiz Updated Jan 11, 2015

Challenge
Share
Tweet
Embed
Score 0/15 Timer 02:00
0 Plays Today
Clue 4-Letter Word % Correct
Walking under ladders is bad ____LUCK
98.7%
A group of wolvesPACK
97.1%
Huey, Dewey, or Louie, e.g.DUCK
96.3%
Fluid from an udderMILK
96.2%
UnwellSICK
95.8%
ChoosePICK
95.5%
5280 feetMILE
95.4%
To plunge into water or shoot in basketballDUNK
94.5%
Clue 4-Letter Word % Correct
A hill of sandDUNE
94.4%
Soft materialSILK
94.1%
Source of coal or saltMINE
93.1%
To eatDINE
91.4%
To not haveLACK
90.3%
With last rung, 3rd child of Helen & Bob Parr, ____-____JACK
77.4%
With first rung, 3rd child of Helen & Bob Parr ____-____JACK
77.4%

Today's Daily Dose

Missing Word
TV HA - HZ

Word Ladder
Nordic Capital

On This Day
January 19th II

You're not logged in!

Compare scores with friends on all Sporcle quizzes.
OR
Log In

You Might Also Like...

Show Comments

Extras

Top Quizzes Today


Score Distribution

Your Account Isn't Verified!

In order to create a playlist on Sporcle, you need to verify the email address you used during registration. Go to your Sporcle Settings to finish the process.

Report this User

Report this user for behavior that violates our Community Guidelines.

Details: